| Tag |
First Indicator |
Second Indicator |
Subfields |
| LEADER |
00000cam a2200000 a 4500 |
| 001 |
in00000010819 |
| 005 |
20151007051926.0 |
| 008 |
870731s1986 ii b 00110 eng d |
| 020 |
|
|
|a 8170183847
|
| 035 |
|
|
|a (OCoLC)16347196
|
| 035 |
|
|
|9 AAA5480AM
|
| 040 |
|
|
|a TXA
|c TXA
|d CLA
|d TXA
|d UtOrBLW
|
| 049 |
|
|
|a TXAM
|c [A12640643]
|
| 050 |
|
4 |
|a HX391.5
|b .S54 1986
|
| 100 |
1 |
|
|a Singh, Chandrika,
|d 1944-
|
| 245 |
1 |
0 |
|a Socialism in India :
|b (rise, growth and prospect) /
|c Chandrika Singh.
|
| 264 |
|
1 |
|a Delhi :
|b B.R. Pub.,
|c 1986.
|
| 300 |
|
|
|a xiii, 228 pages ;
|c 23 cm.
|
| 336 |
|
|
|a text
|b txt
|2 rdacontent
|
| 337 |
|
|
|a unmediated
|b n
|2 rdamedia
|
| 338 |
|
|
|a volume
|b nc
|2 rdacarrier
|
| 504 |
|
|
|a Bibliography: pages [215]-221.
|
| 500 |
|
|
|a Includes index.
|
| 650 |
|
0 |
|a Socialism
|z India
|x History.
|
| 999 |
|
|
|a MARS
|
| 999 |
f |
f |
|s 4eed4549-edba-328f-93af-e89da6181a7a
|i ce666dc6-2014-3a4f-b046-39f08c0484b5
|t 0
|
| 952 |
f |
f |
|p ric
|a Texas A&M University
|b Rellis Campus
|c Joint Library Facility
|d Remote Storage
|t 0
|e HX391.5 .S54 1986
|h Library of Congress classification
|i unmediated -- volume
|m A14812640643
|
| 998 |
f |
f |
|a HX391.5 .S54 1986
|t 0
|l Remote Storage
|